000 01111nam a22002771u 4500
001 06091
003 HDC
007 cr bn ---
008 210122p xx fo d 00 engg
040 _aHDC
100 _aMr Aminuddin Mat Ariff
_96390
245 0 _aWorld Halal Conference 2015 :
_bHALAL ECONOMY : A PROFITABLE CONVERGENCE /
_cby Mr Aminuddin Mat Ariff
260 _a[No place] :
_b[publisher not identified],
_c2015
300 _a17 pages :
_bIllustrations
336 _atext
_2rdacontent
337 _acomputer
_2rdamedia
338 _aonline resource
_2rdacarrier
650 _aHalal economy
_92148
650 _aHalal industry
_9144
650 _aIslamic Development Bank
_96391
856 _zRequest full-text at [email protected]
856 _zRequest full-text at [email protected]
942 _2lcc
942 _cSLIDE
942 _kSLID 000690
999 _c3415
_d3415